| 000 | 01221naa a22002657a 4500 | ||
|---|---|---|---|
| 001 | BR7906863 | ||
| 003 | BR-BrBNA | ||
| 005 | 20250716090241.0 | ||
| 007 | ta | ||
| 008 | 250630b bl.|||m| |||| 00| 0 por d | ||
| 040 |
_aBR-BrBNA _bpor _cBiblioteca Nacional de Agricultura |
||
| 041 | _a(Pt) | ||
| 072 |
_aK50 _b8919 _bG514 |
||
| 090 | _aK50 BR7906863 | ||
| 100 | 1 | _aNeves, J.M. | |
| 100 | 1 | _aAssumpcao, R.M.V. | |
| 245 | 1 | _aAlternativas, em desenvolvimento, para producao de pastas mecanicas [Celulose; Industria florestal; Brasil] | |
| 500 | _aTrabalhos apresentados pelo Centro Tecnico em Celulose e Papel no 12. Congresso Anual da Associacao Tecnica Brasileira em Celulose e Papel Sao Paulo, SP (Brasil): 1979. p. 45-56 [9 illus.; 16 ref.] (BR7906863-AMS) | ||
| 773 | 0 |
_tTrabalhos apresentados pelo Centro Tecnico em Celulose e Papel no 12. Congresso Anual da Associacao Tecnica Brasileira em Celulose e Papel _wK50 BR7906863 _gSao Paulo, SP (Brasil), 1979. p. 45-56 |
|
| 650 | _aCELULOSE | ||
| 650 | _aINDUSTRIALIZACAO | ||
| 490 |
_aPublicacoes Especiais - Instituto de Pesquisas Tecnologicas do Estado de Sao Paulo S.A. (Brazil) _vno. 8 |
||
| 942 |
_cAMS _2AGRIS |
||
| 909 |
_a202506 _bLúcia _c55 _dLúcia Elande |
||
| 999 |
_c333463 _d333463 |
||